Libas Aur Parda / (Record no. 187905)
[ view plain ]
| 000 -LEADER | |
|---|---|
| fixed length control field | 00551 a2200169 4500 |
| 003 - CONTROL NUMBER IDENTIFIER | |
| control field | Nust |
| 005 - DATE AND TIME OF LATEST TRANSACTION | |
| control field | 20230228132851.0 |
| 040 ## - CATALOGING SOURCE | |
| Transcribing agency | Nust |
| 082 ## - DEWEY DECIMAL CLASSIFICATION NUMBER | |
| Classification number | 297,YOU |
| 100 ## - MAIN ENTRY--PERSONAL NAME | |
| Personal name | Yousaf, Salahudin |
| 9 (RLIN) | 109634 |
| 245 ## - TITLE STATEMENT | |
| Title | Libas Aur Parda / |
| Statement of responsibility, etc. | Hafiz Salahudin Yousaf |
| 260 ## - PUBLICATION, DISTRIBUTION, ETC. | |
| Place of publication, distribution, etc. | Lahore |
| Name of publisher, distributor, etc. | Daruslam |
| 300 ## - PHYSICAL DESCRIPTION | |
| Extent | 154;p |
| 505 ## - FORMATTED CONTENTS NOTE | |
| Formatted contents note | Libas k amumi ahkam o masail (Page-28), Ortoon ka libas (Page-99), Parda (Page-115), Chery k pardy ka wajub (Page-119), Aryan chery k nuqsanat (Page-137). |
| 650 ## - SUBJECT ADDED ENTRY--TOPICAL TERM | |
| Topical term or geographic name entry element | Islam and Pardah |
| 9 (RLIN) | 109635 |
| 942 ## - ADDED ENTRY ELEMENTS (KOHA) | |
| Source of classification or shelving scheme | |
| Koha item type | Book |
| Call number prefix | 297,YOU |
| Withdrawn status | Lost status | Source of classification or shelving scheme | Damaged status | Not for loan | Permanent Location | Current Location | Shelving location | Date acquired | Full call number | Barcode | Date last seen | Price effective from | Koha item type | Public note | Total Checkouts |
|---|---|---|---|---|---|---|---|---|---|---|---|---|---|---|---|
| Military College of Signals (MCS) | Military College of Signals (MCS) | General Stacks | 12/12/2016 | 297,YOU | MCS33431 | 12/08/2016 | 12/12/2016 | Book | Almirah No. 63, Shelf No. 3 | ||||||
| Military College of Signals (MCS) | Military College of Signals (MCS) | General Stacks | 12/12/2016 | 297,YOU | MCS33433 | 12/08/2016 | 12/12/2016 | Book | Almirah No. 63, Shelf No. 3 | ||||||
| Military College of Signals (MCS) | Military College of Signals (MCS) | General Stacks | 02/28/2023 | 297,YOU | MCS33429 | 02/28/2023 | 02/28/2023 | Book | Almirah No. 63, Shelf No. 3 | ||||||
| Military College of Signals (MCS) | Military College of Signals (MCS) | General Stacks | 02/28/2023 | 297,YOU | MCS33430 | 02/28/2023 | 02/28/2023 | Book | Almirah No. 63, Shelf No. 3 | ||||||
| Military College of Signals (MCS) | Military College of Signals (MCS) | General Stacks | 02/28/2023 | 297,YOU | MCS33432 | 02/28/2023 | 02/28/2023 | Book | Almirah No. 63, Shelf No. 3 |
